Životné jubileum profesora Plesníka

Bibliographic Details
Format: Article
Language:Slovak
PhysicalDescription:Fotogr.
ISSN:1335-1990
Subjects:

MARC

LEADER 00000nab a2200000 a 4500
001 vtls010094037
003 SK-MaSNL
005 20260304155453.0
008 250507c2010 xo |||||||||||000 b|slo
015 |a SNBRB2010/05  |2 snkbucl 
035 |a urn:nbn:sk:snk-ab8853 
035 |a (urnnbn)urn:nbn:sk:snk:ar-006q18 
035 |a (uuid)076f23bc-0741-4b20-87f4-bfa162f75dd1 
038 |a SNKBUCL 
040 |a SNKBUCL  |b slo  |c SNKBUCL  |e AACR2 
041 0 |a slo 
044 |a xo  |c SK 
080 |a 631-051  |2 1997 
080 |a 636-051  |2 1997 
080 |a 37-051  |2 1997 
080 |a 929 Plesník, Ján  |2 1997 
245 0 0 |a Životné jubileum profesora Plesníka  |c [autor] Pracovníci Centra výskumu živočíšnej výroby v Nitre 
300 |b Fotogr. 
600 1 7 |a Plesník, Ján,  |d 1925-  |2 snkbucl  |9 197660 
773 0 |t Slovenský chov  |g Roč. XV, č. 4 (2010), s. 31  |x 1335-1990 
850 |a Slovenská národná knižnica 
852 |a Slovenská národná knižnica 
954 |a odborná, vedecká literatúra pôvodná (slovenská)  |2 lita 
958 |a article9 
958 |a OND 
958 |a SK 
958 |a BX 
958 |a EUIPO 
999 |c 2962529  |d 2964459